Polskie kluby piłkarskie - Statystyki

Ogólne statystyki
  • Ten quiz został rozwiązany 485 razy
  • Średni wynik to 11 z 15
Statystyki odpowiedzi
Zagadnienie Odpowiedź % Poprawnych
Klub piłkarski z Krakowa, 5-krotny mistrz Polski, występował (a może dalej występuje) w najwyższej klasie rozgrywkowej, nigdy nie zdobył pucharu Polski. Cracovia
94%
Klub z Wielkopolski, ma w herbie rzeźbę lekkoatlety rzucającego dyskiem, posiada barwy biało-zielone, niegdyś bardzo znany klub (a może nadal znany). Dyskobolia Grodzisk Wielkopolski
94%
Klub z województwa podlaskiego, zdobywaca pucharu Polski, barwy ma czerwono-żółte, zawodnikiem tego klubu był Michał Pazdan. Jagiellonia Białystok
94%
Klub występujący dawno temu w polskiej lidze, 4-krotny mistrz Polski, nigdy nie zdobył pucharu, ma w herbie rycerza siedżacego na koniu. Pogoń Lwów
94%
Klub ten pochodzi z województwa śląskiego, posiada barwy czerwono-niebieskie, w sezonie 2018/19 awansowało z 1 miejsca z 1 ligi do ekstraklasy. Raków Częstochowa
94%
Klub ten sensacyjnie awansował niegdyś do ekstraklasy, dominuje kolor pomarańczowy, maskotką tego klubu jest słonik. Termalica Bruk-Bet Nieciecza
94%
Klub ze śląska, występujący w 2 lidze, barwy ma biało-niebieskie, 14-krotny mistrz Polski. Ruch Chorzów
88%
Klub z województwa warmińsko-mazurskiego, występuje w 2 lidze, ma żółto-niebieskie barwy. Kiedyś w tej samej lidze występowały 2 kluby z tego miasta. Olimpia Elbląg
75%
Klub z województwa zachodniopomorskiego, niegdyś bijący się o awans do Ekstraklasy, dziś gra o parę lig niżej, ma biało-niebieskie barwy, na herbie widnieje litera "F". Flota Świnoujście
69%
Klub piłkarski z Podkarpacia, największy sukces pucharowy - 1/16 pucharu Polski (1979), największy sukces ligowy - 7 miejsce w 3 lidze (1981/82), ma w herbie żołędzia. Stal Nowa Dęba
69%
Klub z województwa zachodniopomorskiego, awansował kiedyś do 1/2 pucharu Polski, kiedyś klub o 3 członowej nazwie - dziś tylko 2 członowej, barwy ma biało-niebieskie, w herbie ma pewne stworzenie. Błękitni Stargard
63%
Klub z pomorza, został założony w 1945 roku, największe osiągnięcie ligowe - 3 miejsce, zdobył 2 razy puchar Polski. Lechia Gdańsk
63%
Klub z województwa lubelskiego, wystepuje dzisaj w 3 lidze, w herbie ma jelenia, posiada żółto-biało-niebieskie barwy, występował kiedyś na najwyższym szczeblu rozgrywkowym. Motor Lublin
63%
Klub z województwa małopolskiego, występuje w 4 lidze, miasto tego klubu słynie ze słynnych gór i szczytu, "śpiący rycerze". KS Zakopane
44%
Klub ten pochodzi z 1 z największych polskich miast, występował dawniej w ekstraklasie (do której powraca w nadchodzącym sezonie), ostatni występ - 2011/12. ŁKS Łódź
31%
Nie znaleziono quizów pasujących do podanych kryteriów
Rozkład punktacji
Procent ludzi z każdym wynikiem
Percentyl według liczby udzielonych odpowiedzi
Twoja historia wyników
Nie rozwiązałeś tego quizu